[Event "Konnerud NGP"]
[Site "Konnerud"]
[Date "2019.11.23"]
[Round "2"]
[White "Rosengren, Jon Even"]
[Black "Kraglund, Sondre"]
[Result "1-0"]
[WhiteElo "1392"]
[BlackElo "1595"]
[PlyCount "37"]
[EventDate "2019.11.23"]
[EventType "swiss"]
[EventRounds "5"]
[EventCountry "NOR"]
[SourceTitle "EXT 2024"]
[Source "ChessBase"]
[SourceDate "2023.10.10"]
[SourceVersion "1"]
[SourceVersionDate "2023.10.10"]
[SourceQuality "1"]

1. d4 Nf6 2. Bf4 e6 3. Nf3 d5 4. e3 Bd6 5. Bg3 0-0 6. Bd3 b6 7. c3 Ba6 8. Bc2 c5 9. Nbd2 Nc6 10. e4 Bxg3 11. hxg3 h6 12. Ne5 Qc7 13. Nxc6 Qxc6 14. e5 Ne4 15. Qg4 Nxd2 16. Kxd2 cxd4 17. Rxh6 d3 18. Rah1 f5 19. Qg6 1-0